| 000 | 00418nam a2200181Ia 4500 | ||
|---|---|---|---|
| 001 | 10010 | ||
| 005 | 20260306161800.0 | ||
| 008 | 260306t1984||||xx |||||||||||||| ||spa|| | ||
| 041 | _aESP | ||
| 082 |
_aPE 869.56 _bR74 |
||
| 100 |
_aRodríguez, César Atahualpa _eAUT |
||
| 245 | 0 | _aCien poemas | |
| 260 | _c1984 | ||
| 300 |
_a195 páginas : _ccm. |
||
| 650 | _aGEN | ||
| 654 | _aCHU | ||
| 942 |
_cLIB _dJUS _fJUS _2ddc _n |
||
| 999 |
_c10010 _d10010 |
||